000 00775cam a22002291 4500
001 6952509
005 20050820211822.0
008 750430s1949 nyu 000 0ceng
010 _a 49011604
035 _a(OCoLC)1305008
040 _aDLC
_cFM
_dOCoLC
_dDLC
042 _apremarc
050 0 0 _aBS575
_b.L58 1949
100 1 _aLofts, Norah,
_d1904-
245 1 0 _aWomen in the Old Testament;
_btwenty psychological portraits.
260 _aNew York,
_bMacmillan,
_c1949.
300 _axi, 178 p.
_c21 cm.
650 0 _aWomen in the Bible.
906 _a7
_bcbc
_coclcrpl
_du
_encip
_f19
_gy-gencatlg
942 _2lcc
_cBK
999 _c35917
_d35917